000 00738nac a22002051u 4500
008 100202s2005 nj |||||rill 001 0 eng d
010 _a2004007371
020 _a0131141651
020 _a9780131141650
082 0 0 _a621.381
_bKLE
_222
100 _aKleitz, William.
_910843
245 1 0 _aDigital electronics :
_ba practical approach /
_cWilliam Kleitz.
250 _a7th ed.
260 _aUpper Saddle River, N.J. :
_bPearson/Prentice Hall,
_cc2005.
300 _axx, 908 p. :
_bill. (some col.) ;
_c29 cm. +
_e1 CD-ROM (4 3/4 in.)
500 _aIncludes indexes.
650 0 _aDigital electronics.
_910844
856 4 1 _3Table of contents
_uhttp://www.loc.gov/catdir/toc/ecip0416/2004007371.html
942 _cBB
_k621.381 KLE
_2ddc
999 _c882
_d882